000 00806nam a22002537a 4500
942 _cBK
999 _c480
_d480
005 20250420134812.0
008 200722b ||||| |||| 00| 0 eng d
020 _a9783642696749
040 _cKCST
082 _a004.0151
100 _aMelhorn, Kurt
_94652
245 _aData structures and algorithms 1
_bsorting and searching /
_cKurt Mehlhorn
260 _aBerlin, Heidelberg :
_bSpringer Berlin Heidelberg,
_c1984.
300 _a335 p.
440 _aEATCS monographs on theoretical computer science.
_v1.
_x978364269749
_94653
650 _aComputer science.
_9199
650 _aData structures (Computer science)
_9363
650 _aComputers.
_94654
700 _aBrauer, W (ed.)
_94655
700 _aRozenberg, G. (ed.)
_94656
700 _aSalomaa (ed.)
_94657
942 _2ddc